000 03571cam a2200925 4500
008 000000n2000 000 0 eng u
020 _a184219027X
035 _a(Sirsi) u107831
041 _aeng
050 _a690.072
110 _aConstruction and Building Research Conference
_n(5th
_d2000)
_94461
245 _aCOBRA
_bconstruction and building research conference 2000
_h[electronic resource]
260 _aLondon
_bRICS
_c2000
490 _aCOBRA
_v2000
505 _aA behavioural approach to the obsolescence of office property
505 _aA pioneer study of survey on major characteristics of value management
505 _aAttitudes to risk management in diverse project environments
505 _aCompetency-based assessment of professional quantity surveying : a South African perspective
505 _aContractor prequalification: have Latham's recommendations had an impact?
505 _aImproving the construction project development process through integration and concurrent engineering
505 _aMarketing strategies in a changing construction marketplace : a survey of UK construction engineering consulting firms
505 _aModelling decision-making in building surveying
505 2 _aNeural networks as a tool for modelling the decision to bid process
505 2 _aPartnering : 'We all know what we're doing'
505 2 _aPerformance evaluation in facilities management: using the balanced scorecard approach
505 2 _aPerformance indicators of professional services used by clients
505 _aPractitioners' opinions on a new construction process model
505 _aPublic sector facilities management strategy
505 _aThe effects of smoke on escape route lighting and way - guidance provision
505 _aThe use of multimedia technologies in surveying
520 _aA series of papers on different aspects of construction presented at COBRA 2000. View at www.rics.org. Some of the papers are not available.
650 _aBUILDING SURVEYORS
650 _aCONSTRUCTION PROJECT ORGANISATION
650 _aCONTRACTOR PREQUALIFICATION
650 _aEMERGENCY LIGHTING
650 _aESCAPE ROUTES
650 _aLATHAM REFORMS
650 _aMARKETING
650 _aOBSOLETE OFFICES
650 _aPARTNERING
650 _aQUANTITY SURVEYORS
650 _aREPUBLIC OF SOUTH AFRICA
650 _aRISK MANAGEMENT
650 _aTENDERING
650 _aVALUE MANAGEMENT
690 _aBUILT ENVIRONMENT
700 _aPinder $, ames
700 _aWilkinson, Sara J.
700 _aLeung, Mei-Yung
700 _aWong, Man-Shun
700 _aEgbu, Charles
700 _aSerafinska, Zofia
700 _aNkado, Raymond N.
700 _aKotze, Mada
700 _aWong, Chee
700 _aHolt, Gary D.
700 _aHarris, Phil
700 _aKhalfan, Malik M. A.
700 _aAnumba, Chimay J.
700 _aPrice, Andrew
700 _aYisa, Silas
700 _aOdunbaku, Stephen
700 _aPickrell, Simone
700 _aParvar, Jamshid
700 _aLowe, David
700 _aEmsley, Margaret W.
700 _aDuff, Roy
700 _aHill, Chris
700 _aPoon, Joanna
700 _aPotts, Keith F.
700 _aCooper, Patricia
700 _aFeatherstone, Paul
700 _aWright, M.S.
700 _aCook, G. K.
700 _aWebber, G.M.B.
700 _aJones, K. G.
700 _aBurrows, C.A.
710 _aRoyal Institution of Chartered Surveyors
_bResearch Foundation
_93861
942 _n0
_2ddc
999 _c100721
_d100721